000
00201nam a2200085Ia 4500
008
120527s9999 xx 000 0 und d
100
_a
Am. Psychological Ass.
245
_a
Publication Manual
942
_c
BK
999
_c
27665
_d
27665